000 00542nam a2200181Ia 4500
005 20250508161900.0
008 008 250505s9999 xx 000 0 eng d
037 _aTextual
040 _aFEDL
_beng
_cFEDL
041 _aeng
_2eng
084 _a159.4, TEE
_qFEDL
100 _aTeevan Richard C. Ed.
245 0 _aTheories of motivation in learning : An enduring problem in psychology
260 _aToronto
_bD. Van Nostrand Company
_c1964
300 _avii,215p.
942 _cTEXL
_h159.4, TEE
999 _c1372916
_d1372916